000
00306nam a22001337a 4500
999
_c
13853
_d
13853
020
_a
978-1305410473
082
_a
100
100
_a
Manuel Velasquez
245
_a
Philosophy: A Text with Readings
250
_a
13th Edition
260
_a
USA
_b
Cengage Learning
_c
2016
300
_a
672 pages
942
_c
BK